| 000 | 00572nam a2200133Ia 4500 | ||
|---|---|---|---|
| 008 | 231221s9999 xx 000 0 und d | ||
| 041 | _aEnglish | ||
| 082 | _aQPCSUG06-829 | ||
| 245 | 0 | _aJava and CGI programming : CS/IS (New Scheme) [electronic resource : question paper] : Seventh sem BE degree examination, Dec 06/Jan 07 (CS73] (2006- | |
| 260 |
_c2006/12 _bVTU _aBangalore |
||
| 650 | _aComputer Science | ||
| 650 | _aJava,CGI,programming,:,CS/IS,(New,Scheme),(electronic,:,paper),:,Seventh,semester,B.E.,degree,examination,,Dec,06/Jan,07,(CS73],(2006- | ||
| 942 | _cDL | ||
| 999 |
_c204703 _d204703 |
||